000 00464nam a2200181Ia 4500
001 24353
005 20260414151037.0
008 260414t2011||||xx |||||||||||||| ||spa||
041 _aESP
082 _a345.52
_bE94
100 _aEto Cruz, Gerardo
_eAUT
245 0 _aNuevas decisiones y cambios en los procesos de amparo y hábeas corpus
_b
260 _c2011
300 _a198 páginas :
_c\N
650 _aDER
654 _aCDE
942 _cLIB
_dJUS
_fJUS
_2ddc
_n
999 _c24353
_d24353